British Food By Image Quiz Stats

Quiz Updated Jul 3, 2013

Also try: French Foods
Challenge
Share
Tweet
Score 0/24 Timer 08:00
6 Plays Today
Column % Correct
Fish and chips
97.4%
Shepherds pie
76.7%
Cream tea
61.4%
Trifle
58.4%
Sunday roast dinner
56.1%
Apple crumble
55.1%
Jelly babies
52.1%
Stilton
51.9%
Pork pie
49.1%
Cornish pasty
43.4%
Steak and kidney pudding
40.2%
Welsh rarebit
38.2%
Column % Correct
Lancashire hotpot
35.4%
Treacle tart
34.2%
Cauliflower cheese
33.5%
Mint sauce
29.9%
Summer pudding
29.1%
Chelsea buns
23.7%
Kedgeree
21.5%
Simnel cake
18.5%
Gooseberry fool
11.4%
Cock-a-leekie soup
11.1%
Queen of puddings
9%
Cullen skink
8.3%

You're not logged in!

Compare scores with friends on all Sporcle quizzes.
Join for Free
OR
Log In

You Might Also Like...

Show Comments

Extras

Top Quizzes Today


Score Distribution

Your Account Isn't Verified!

In order to create a playlist on Sporcle, you need to verify the email address you used during registration. Go to your Sporcle Settings to finish the process.

Report this User

Report this user for behavior that violates our Community Guidelines.

Details: